000
nam a22 7a 4500
999
_c
232790
_d
232790
003
Nust
005
20170223124026.0
008
170223b xxu||||| |||| 00| 0 eng d
040
_c
DLC
082
_a
891.4394 MUF
245
_a
رام دین
_c
ممتا ز مفتی
260
_a
Lahore :
300
_a
295p. :
_c
25cm
942
_2
ddc
_c
BK